CEJM - Thème 4 - Chapitre 1 - Statistiques

Statistiques générales
  • Ce quiz a été pris 136 fois
  • Le résultat moyen est 15 sur 36
Statistiques - réponses
Indice Réponse % Correct
stockage d'un volume très important de données numériques big data
77%
relation commerciale entre professionnel et particulier B2C
63%
Les données sont stockées sur des ... serveurs
63%
relation commerciale entre professionnels B2B
61%
relation commerciale entre particuliers C2C
60%
Que signifie l'acronyme "TIC" technologies de l'information et de la communication
60%
Ces derniers se trouvent dans un bâtiment appelé : data center
58%
relation commerciale entre un professionnel et l’État (Government) B2G
56%
Terme désignant l'apparition de plateformes numériques mettant directement en relation les prestataires et les clients, au détriment des modèles traditionnels ; mot dérivé de l'entreprise "uber" ubérisation
53%
Ce procédé vise à convertir un document physique en fichier numérique, pour faciliter la gestion, le stockage et l’accès des données. la dématérialisation
52%
Entreprise vendant ses produits/services exclusivement en ligne pure-player
52%
Plateforme numérique d'achat et de vente entre professionnels et particuliers, comme Amazon, Cdiscount, Ebay, Booking, etc marketplace ou place de marché
50%
Si l'acheteur rencontre un problème sur une de ses plateforme, le premier responsable est le ______. vendeur
48%
En plus de la dématérialisation, les autres bouleversements liés au numérique sont, l'accélération des cycles d'________, l'arrivée de nouveaux ________, et l'accélération de l’accès a l'__________. information
45%
En plus de la dématérialisation, les autres bouleversements liés au numérique sont, l'accélération des cycles d'________, l'arrivée de nouveaux ________, et l'accélération de l’accès a l'__________. concurrents
42%
La désintermédiation désigne le fait de _______ des intermédiaires entre le producteur et le consommateur, tandis que la réintermédiation signifie le fait d'en ______. supprimer
42%
Un échange de biens/services contre de l'argent est un échange ... marchand
40%
Nouvelle entreprise connaissant une forte croissance et se reposant sur les nouvelles technologies start-up
40%
Un échange de biens/services sans contrepartie monétaire est un échange ... non-marchand
39%
La désintermédiation désigne le fait de _______ des intermédiaires entre le producteur et le consommateur, tandis que la réintermédiation signifie le fait d'en ______. ajouter
37%
Synonyme de l'économie de partage, ce modèle économique est basé sur la collaboration, l'échange ou la mutualisation de biens, de services ou de connaissances entre particuliers. économie collaborative
37%
Nom de la génération qui a vécu l'arrivée du numérique les millennials
37%
Type d'économie où les biens et services sont échangés directement entre les parties, sans recours à une monnaie économie d'échange
35%
Le premier désigne l'arrivée de nouveaux secteurs d'activités et acteurs économiques sur le marché économique
32%
En plus de la dématérialisation, les autres bouleversements liés au numérique sont, l'accélération des cycles d'________, l'arrivée de nouveaux ________, et l'accélération de l’accès a l'__________. innovation
32%
Surnom donné à ceux qui sont nés avec la tech les digital natives
32%
Plateforme de consommation de divertissement (Youtube, Spotify, Instagram) plateforme d'audience / de contenu
31%
Plateforme d'achat, de vente ou de troc, de biens et/ou services (Amazon, Leboncoin) plateforme d'échange
31%
Nom anglais désignant un appareil numérique comme un smartphone, un ordinateur, une tablette, etc device
29%
Le dernier donne accès aux nouveaux modes de communication (site collaboratif, réseaux sociaux, ...) social
29%
Le second vise a améliorer les technologies (stockage, vitesse traitement et de transmission des données) technologique
29%
Effet selon lequel la valeur d'un bien ou service pour un utilisateur augmente (positif) ou diminue (négatif) avec le nombre d'autres utilisateurs de ce même bien ou service externalité de réseau
27%
Plateforme permettant de collecter des fonds (Tipee, HelloAsso) plateforme de financement
26%
Plateforme soutenant les activités professionnelles ou éducatives (Hyperplanning, ENT) plateforme de travail
26%
Mot combinant le "consommateur" qui est un "acteur" pouvant influencer la prise de décision des autres agents économiques (commentaires, note, ...) consomacteur
24%
Plateforme qui met en relation les acheteurs ET les vendeurs, créant de la valeur par leur interactions bi-faces ou multifaces
21%
Aucun quiz correspondant
Distribution des résultats
% des personnes avec chaque résultat
Percentile par nombre de réponses
Votre historique - résultats
Vous n’avez pas pris ce quiz